书目信息 |
| 题名: |
现代分子光谱技术及应用
|
|
| 作者: | 魏福祥 编著 | |
| 分册: | ||
| 出版信息: | 北京 中国石化出版社 2015.01 |
|
| 页数: | 391页 | |
| 开本: | 21cm | |
| 丛书名: | 现代仪器分析技术及应用丛书 | |
| 单 册: | ||
| 中图分类: | O561.3 | |
| 科图分类: | ||
| 主题词: | 分子--fen zi--光谱--研究 | |
| 电子资源: | ||
| ISBN: | 978-7-5114-2579-9 | |
| 000 | 01057nam 2200277 450 | |
| 001 | CAL 012015014000 | |
| 005 | 20150822130547.07 | |
| 010 | @a978-7-5114-2579-9@dCNY36.00 | |
| 100 | @a20150128d2015 em y0chiy50 ea | |
| 101 | 0 | @achi |
| 102 | @aCN@b110000 | |
| 105 | @aak a 000yy | |
| 106 | @ar | |
| 200 | 1 | @a现代分子光谱技术及应用@Axian dai fen zi guang pu ji shu ji ying yong@f魏福祥编著 |
| 210 | @a北京@c中国石化出版社@d2015.01 | |
| 215 | @a391页@c图@d21cm | |
| 225 | 2 | @a现代仪器分析技术及应用丛书@Axian dai yi qi fen xi ji shu ji ying yong cong shu |
| 320 | @a有书目 (第391页) | |
| 330 | @a本书内容涉及现代分子光谱中红外光谱、紫外光谱, 主要介绍了福利也变换红外分光光度计, 红外光谱实验技术, 红外软件新技术, 宣分析软件的使用, 在线红外图谱检索, 红外吸收光谱技术研究最新进展及在各个领域中的应用。 | |
| 410 | 0 | @12001 @a现代仪器分析技术及应用丛书 |
| 586 | @a | |
| 606 | 0 | @a分子@Afen zi@x光谱@x研究 |
| 690 | @aO561.3@v5 | |
| 701 | 0 | @a魏福祥@Awei fu xiang@4编著 |
| 801 | 0 | @aCN@c20150820 |
| 905 | @a河南城建学院图书馆@dO561.3@eW580@f3 | |
| 现代分子光谱技术及应用/魏福祥编著.-北京:中国石化出版社,2015.01 |
| 391页:图;21cm.-(现代仪器分析技术及应用丛书) |
| ISBN 978-7-5114-2579-9:CNY36.00 |
| 本书内容涉及现代分子光谱中红外光谱、紫外光谱, 主要介绍了福利也变换红外分光光度计, 红外光谱实验技术, 红外软件新技术, 宣分析软件的使用, 在线红外图谱检索, 红外吸收光谱技术研究最新进展及在各个领域中的应用。 |
| ● |
| 相关链接 |
|
|
|
正题名:现代分子光谱技术及应用
索取号:O561.3/W580
 
预约/预借
| 序号 | 登录号 | 条形码 | 馆藏地/架位号 | 状态 | 备注 |
| 1 | 1168152 | 211681526 | 自科库401/401自科库 59排6列5层/ [索取号:O561.3/W580] | 在馆 | |
| 2 | 1168153 | 211681535 | 自科库401/401自科库 59排6列5层/ [索取号:O561.3/W580] | 在馆 | |
| 3 | 1168154 | 211681544 | 自科库401/401自科库 59排6列5层/ [索取号:O561.3/W580] | 在馆 |